Statystyki dla Sześć najbliższych krajów - San Marino

Kliknij tutaj aby rozwiązać quiz!

Ogólne statystyki

  • Ten quiz został rozwiązany 31 razy
  • Średni wynik to 4 z 6

Statystyki odpowiedzi

kmkraj% Poprawnych
0Włochy
100%
221Watykan
84%
141Chorwacja
56%
186Słowenia
48%
259Francja
40%
271Bośnia i
Hercegowina
24%

Rozkład punktacji

Percentyl według liczby udzielonych odpowiedzi

Procent ludzi z każdym wynikiem

Twoja historia wyników

Nie rozwiązałeś tego quizu